000 00373nam a2200157Ia 4500
008 210210b1958 xxu||||| |||| 00| 0 eng d
041 _aeng
082 _a825/328
100 _aFOAKES (R A)
245 _aRomantic assertion
260 _aLondon
_bMethuen & Co Ltd.
_c1958
650 _aRomantic
650 _aassertion
690 _aEnglish Criticism
906 _a014645
999 _c133860
_d133860